Missing Sensory Organs Multiple Choice Quiz Stats

Quiz not verified by Sporcle

Challenge
Share
Tweet
Embed
Score 0/40 Timer 05:00
30 Plays Today
Question Answer Wrong Answers
Rudolph the Red-____(e)d Reindeer
Common Christmas carol
Nose
94.7%
Eye
0.4%
Ear
0.4%
Mouth
0.2%
Hawk_____
One of the Avengers
Eye
94.5%
Ear
1.1%
Mouth
0.1%
Nose
0.3%
Snake _____s
Rolling a pair of ones with dice
Eye
94.3%
Ear
0.7%
Mouth
0.2%
Nose
0.3%
_____ of the Storm
Center of a cyclone
Eye
94.1%
Ear
1.1%
Mouth
0.4%
Nose
0.1%
_____s Wide Shut
Last Stanley Kubrick film
Eye
94.1%
Ear
0.7%
Mouth
0.5%
Nose
0.1%
Put One's Foot in One's _____
Say something tactless
Mouth
94%
Eye
0.5%
Ear
0.4%
Nose
0.8%
Straight from the Horse's _____
From the highest authority
Mouth
93.9%
Eye
0.3%
Ear
0.5%
Nose
0.8%
Foam at the _____
Be angry to the point of rage
Mouth
93.7%
Eye
0.6%
Ear
0.5%
Nose
0.6%
_____ for a(n) _____
System of justice for Hammurabi
Eye
93.6%
Ear
1.6%
Mouth
0.2%
Nose
0.5%
_____ of the Tiger
Survivor's Rocky III anthem
Eye
93.4%
Ear
1.5%
Mouth
0.2%
Nose
0.1%
Word of _____
Person-to-person communication
Mouth
93.4%
Eye
0.9%
Ear
1.1%
Nose
0.5%
For Your _____s Only
Roger Moore's fifth Bond movie
Eye
93.2%
Ear
2.1%
Mouth
0.1%
Nose
0.1%
Play by _____
Improvisation (or playing music without a sheet)
Ear
92.7%
Eye
1.2%
Mouth
0.9%
Nose
0.4%
River _____
Place where a river flows into another body of water
Mouth
92.6%
Eye
1.8%
Ear
0.1%
Nose
1.1%
Powder One's _____
Visit a restroom (sometimes for conversation)
Nose
92.5%
Eye
0.7%
Ear
1%
Mouth
1%
Red _____
Flight that departs during the night
Eye
92%
Ear
0.4%
Mouth
0.2%
Nose
2.9%
_____-to-_____ Resuscitation
Artificial ventilation
Mouth
91.5%
Eye
2.4%
Ear
0.5%
Nose
1%
Girl with a Pearl _____ring
Famous Vermeer painting
Ear
91.2%
Eye
1.6%
Mouth
0.3%
Nose
2.7%
Win by a _____
Obtain a narrow victory
Nose
90.9%
Eye
1.5%
Ear
2.6%
Mouth
0.5%
Dog _____
Folded corner of a book page
Ear
90.6%
Eye
1.8%
Mouth
0.8%
Nose
2.2%
Rabbit _____s
Slang for an old television antenna
Ear
90.5%
Eye
2.7%
Mouth
0.7%
Nose
1.4%
Lend Me Your _____s
Line from 'Julius Caesar'
Ear
90.1%
Eye
5.3%
Mouth
0.3%
Nose
0.3%
Box One's _____s
Hit someone on the side of the head
Ear
89.6%
Eye
2.2%
Mouth
1.1%
Nose
2.7%
Hoof-and-_____ Disease
Viral infection in cows
Mouth
88.8%
Eye
1.8%
Ear
2.6%
Nose
1.9%
_____ of Corn
Grain-bearing tip of maize
Ear
88.1%
Eye
4.3%
Mouth
1.3%
Nose
1.3%
Queer _____ for the Straight Guy
Reality series about male improvement
Eye
88%
Ear
3%
Mouth
2.1%
Nose
2%
Look a Gift Horse in the _____
Find fault with a gift or favor
Mouth
87.6%
Eye
6.5%
Ear
0.4%
Nose
0.9%
Cut Off Your _____ to Spite Your Face
Self-destructive overreaction
Nose
87.2%
Eye
0.7%
Ear
6.1%
Mouth
1.3%
_____ of Providence
Symbol on a one dollar bill
Eye
86.6%
Ear
3.3%
Mouth
3.4%
Nose
1.8%
Follow Your _____
Froot Loops slogan
Nose
85.3%
Eye
2%
Ear
1.9%
Mouth
6.4%
Cauliflower _____
Common condition in martial arts and wrestling
Ear
85%
Eye
4.5%
Mouth
1.8%
Nose
4.3%
Smash _____
'All-Star' band
Mouth
82.7%
Eye
6.4%
Ear
2.6%
Nose
3.8%
Pay Through the _____
Pay more than a fair price
Nose
82.7%
Eye
2.3%
Ear
3.4%
Mouth
6.8%
Thumb One's _____
Disrespect someone or something
Nose
82.2%
Eye
4.1%
Ear
4.4%
Mouth
4.3%
Keep One's _____ to the Grindstone
Work hard and continuously
Nose
82.1%
Eye
3.1%
Ear
9.3%
Mouth
0.9%
Down in the _____
Unhappy; dejected
Mouth
81.4%
Eye
3.5%
Ear
2.7%
Nose
7.4%
Have One's _____ Out of Joint
Be upset or irritated
Nose
80.4%
Eye
3.6%
Ear
5.2%
Mouth
5.6%
The Walls Have _____s
Warning to watch what you say
Ear
74.2%
Eye
21%
Mouth
0.2%
Nose
0.2%
Needle-_____ Pliers
Common tool for cutting and holding
Nose
73.2%
Eye
16.5%
Ear
2.6%
Mouth
2.8%
War of Jenkins' _____
Anglo-Spanish war instigated by the removal of the organ in question
Ear
50.6%
Eye
27%
Mouth
6.9%
Nose
10.5%

You're not logged in!

Compare scores with friends on all Sporcle quizzes.
Join for Free
OR
Log In

You Might Also Like...

Show Comments

Extras

Top Quizzes Today


Score Distribution

Your Account Isn't Verified!

In order to create a playlist on Sporcle, you need to verify the email address you used during registration. Go to your Sporcle Settings to finish the process.

Report this User

Report this user for behavior that violates our Community Guidelines.

Details: